Complete the Card - WWE WrestleMania XXIV - Statistics

General Stats
  • This quiz has been taken 734 times
  • The average score is 20 of 26
Answer Stats
Answer % Correct
The Undertaker
98%
Edge
97%
John Cena
97%
The Big Show
97%
Triple H
97%
Randy Orton
96%
Shawn Michaels
96%
Ric Flair
93%
CM Punk
90%
Kane
90%
Floyd "Money" Mayweather
89%
Batista
82%
Finlay
81%
Chavo Guerrero
76%
Shelton Benjamin
76%
John Bradshaw Layfield
75%
Umaga
75%
MVP
71%
Chris Jericho
66%
John Morrison
64%
Mr. Kennedy
62%
Beth Phoenix
50%
Melina
49%
Carlito
45%
Ashley
43%
Maria
41%
No matching quizzes found
Score Distribution
Percent of People with Each Score
Percentile by Number Answered
Your Score History
You have not taken this quiz